| 000 | 01006nam a2200289 a 4500 | ||
|---|---|---|---|
| 999 |
_c23296 _d23296 |
||
| 001 | vtls009078272 | ||
| 005 | 20220823091836.0 | ||
| 008 | 180405s2005 xo slo d | ||
| 020 |
_a807360020X _q(viaz.) _c350.00 |
||
| 035 | _aPPPK72564 | ||
| 040 |
_aPPPK _bslo _cPPPK |
||
| 041 | 1 |
_aslo _heng |
|
| 044 |
_axo _cSK |
||
| 080 | _a94(100)"1939/1945" | ||
| 080 | _a355.48(44) | ||
| 100 | 1 |
_aFowler, Will _93286 |
|
| 245 | 1 |
_aOperácia Overlord _bvylodenie v Normandii: prvých 24 hodín _cWill Fowler ; [z anglického originálu prel. Pavol Kršák] |
|
| 250 | _a1. dopl. a upr. vyd. | ||
| 260 |
_aPraha _bOttovo nakladatelství _c2005 |
||
| 300 | _a193 s. viaz. | ||
| 650 | 0 | 7 |
_adruhá svetová vojna (1939-1945) _2PPPK _91735 |
| 650 | 0 | 7 |
_ainvázia v Normandii (1944 : Francúzsko) _2SNKPH _93287 |
| 655 | 7 |
_amonografie _2PPPK _91661 |
|
| 700 | 1 |
_aChurchill, Winston, _cSir, _d1874-1965 _4aut _93288 |
|
| 700 | 1 |
_aKršák, Pavol, _d1932-1993 _4trl _93282 |
|